Genetics Principles, concepts and implications

Đã lưu trong:
書目詳細資料
主要作者: H K JAIN
格式: 圖書
語言:Undetermined
出版: Enfield, New Hamshire Science 1999
主題:
標簽: 添加標簽
沒有標簽, 成為第一個標記此記錄!
Thư viện lưu trữ: Trung tâm Học liệu Trường Đại học Cần Thơ
LEADER 00463nam a2200181Ia 4500
001 CTU_48841
008 210402s9999 xx 000 0 und d
082 |a 576.5 
082 |b J25 
100 |a H K JAIN 
245 0 |a Genetics 
245 0 |b Principles, concepts and implications 
245 0 |c H K JAIN 
260 |a Enfield, New Hamshire 
260 |b Science 
260 |c 1999 
650 |a genetics 
980 |a Trung tâm Học liệu Trường Đại học Cần Thơ